History Quiz

Random History or War Quiz

HCHS World War 2 Conferences Quiz Stats

 Plays Quiz not verified by Sporcle

Score 0/17 Timer 10:00
0 Plays Today
% Correct
Atlantic Conference
80.2%
United Nations Conference on International Organization
70.9%
Cairo Conference
65.1%
Wannsee Conference
64%
Bretton Woods Conference
64%
Yalta Conference
58.1%
First Moscow Conference
55.8%
Tehran Conference
53.5%
Malta Conference
52.3%
% Correct
Potsdam Conference
51.2%
Fourth Moscow Conference
51.2%
Casablanca Conference
50%
Cherchell Conference
50%
Dumbarton Oaks Conference
48.8%
Third Moscow Conference
48.8%
Quebec Conference
47.7%
Second Moscow Conference
34.9%

You're not logged in!

Compare scores with friends on all Sporcle quizzes.
OR
Log In

Sporcle TV

Today on Sporcle TV


Watch our educational content, quiz creation guides, and fun videos on Sporcle TV.

Show Comments

Extras

Top Quizzes Today


Score Distribution

Your Account Isn't Verified!

In order to create a playlist on Sporcle, you need to verify the email address you used during registration. Go to your Sporcle Settings to finish the process.

Report this User

Report this user for behavior that violates our Community Guidelines.

Details: